Developing effective training skills
| Main Author: | |
|---|---|
| Format: | Book |
| Language: | English |
| Published: |
London :
McGraw-Hill Book Company ,
1991
|
| Subjects: |
MARC
| LEADER | 00000cam a2200000 7i4500 | ||
|---|---|---|---|
| 001 | 0000025559 | ||
| 005 | 20140912.0 | ||
| 008 | 190814 -uka eng | ||
| 020 | |a 0077073835 | ||
| 040 | |a INS | ||
| 090 | 0 | 0 | |a HF5549.5.S8 |b P66 1991 |
| 100 | 1 | |a Pont, Tony | |
| 245 | 1 | 0 | |a Developing effective training skills |c Tony Pont |
| 260 | |a London : |b McGraw-Hill Book Company , |c 1991 | ||
| 300 | |a xvi, 118p. : |b ill. ; |c 25cm. | ||
| 500 | |a Include index | ||
| 650 | 0 | |a Employees | |
| 650 | 0 | |a Employees |x training of | |
| 999 | |a 1000001898 |b BOOK |c Open Shelf |e Default branch | ||